Fitting Fat Curves: Font Representation using Fat Curves / (Record no. 607991)
[ view plain ]
| 000 -LEADER | |
|---|---|
| fixed length control field | 00413nam a22001457a 4500 |
| 003 - CONTROL NUMBER IDENTIFIER | |
| control field | NUST |
| 082 ## - DEWEY DECIMAL CLASSIFICATION NUMBER | |
| Classification number | 004 |
| 100 ## - MAIN ENTRY--PERSONAL NAME | |
| Personal name | Saif, Shahela |
| 9 (RLIN) | 34935 |
| 245 ## - TITLE STATEMENT | |
| Title | Fitting Fat Curves: Font Representation using Fat Curves / |
| Statement of responsibility, etc. | Shahela Saif |
| 260 ## - PUBLICATION, DISTRIBUTION, ETC. | |
| Place of publication, distribution, etc. | MCS - NUST, |
| Date of publication, distribution, etc. | 2011 |
| 300 ## - PHYSICAL DESCRIPTION | |
| Extent | 38 p. ; 30cm |
| 650 ## - SUBJECT ADDED ENTRY--TOPICAL TERM | |
| Topical term or geographic name entry element | Computer Software Engineering-MS-Thesis |
| 9 (RLIN) | 16105 |
| 700 ## - ADDED ENTRY--PERSONAL NAME | |
| Personal name | Dr. Asif Masood |
| 9 (RLIN) | 14088 |
| 942 ## - ADDED ENTRY ELEMENTS (KOHA) | |
| Source of classification or shelving scheme | |
| Koha item type | Thesis |
| Withdrawn status | Lost status | Source of classification or shelving scheme | Damaged status | Not for loan | Permanent Location | Current Location | Shelving location | Date acquired | Total Checkouts | Full call number | Barcode | Date last seen | Price effective from | Koha item type |
|---|---|---|---|---|---|---|---|---|---|---|---|---|---|---|
| Military College of Signals (MCS) | Military College of Signals (MCS) | Thesis | 02/21/2024 | 004 | MCSTCS-579 | 02/21/2024 | 02/21/2024 | Thesis |
